Principles & methods of farm management / (Record no. 7363)
[ view plain ]
| 000 -LEADER | |
|---|---|
| fixed length control field | 00413cam a2200157ua 4500 |
| 003 - CONTROL NUMBER IDENTIFIER | |
| control field | OSt |
| 008 - FIXED-LENGTH DATA ELEMENTS--GENERAL INFORMATION | |
| fixed length control field | 200619b ||||| |||| 00| 0 eng d |
| 082 ## - DEWEY DECIMAL CLASSIFICATION NUMBER | |
| Classification number | 631.584 |
| Item number | TAN/PR |
| 100 ## - MAIN ENTRY--AUTHOR NAME | |
| Personal name | Tandon, R K . |
| 245 ## - TITLE STATEMENT | |
| Title | Principles & methods of farm management / |
| 250 ## - EDITION STATEMENT | |
| Edition statement | 5 / |
| 260 ## - PUBLICATION, DISTRIBUTION, ETC. (IMPRINT) | |
| Place of publication | Kanpur : |
| Name of publisher | Achal prakashan mandir , |
| Year of publication | 1964. |
| 300 ## - PHYSICAL DESCRIPTION | |
| Number of Pages | 518 ; . |
| 700 1# - ADDED ENTRY--PERSONAL NAME | |
| Personal name | Dhondyal, S P . |
| 942 ## - ADDED ENTRY ELEMENTS (KOHA) | |
| Koha item type | Books |
| Withdrawn status | Lost status | Damaged status | Home library | Current library | Date acquired | Cost, normal purchase price | Full call number | Accession Number | Koha item type |
|---|---|---|---|---|---|---|---|---|---|
| Withdrawn | KAUAET | KAUAET | 07/04/2012 | 15.00 | 631.584 | 7139 | Books |
